000
00209 a2200097 4500
001
59667
100
_a
245
_a
EDUCATIONAL PSYCHOLOGY
260
_a
NEW DELHI
_b
APH
_c
2009
090
_c
36542
_d
36542
942
_a
NUST-CAE
_c
MONOGRAPH
_c
29494
999
_c
294740
_d
294740